<?xml version="1.0" encoding="UTF-8"?><?xml-stylesheet type="text/xsl" href="static/style.xsl"?><OAI-PMH xmlns="http://www.openarchives.org/OAI/2.0/" xmlns:xsi="http://www.w3.org/2001/XMLSchema-instance" xsi:schemaLocation="http://www.openarchives.org/OAI/2.0/ http://www.openarchives.org/OAI/2.0/OAI-PMH.xsd"><responseDate>2026-05-14T05:53:19Z</responseDate><request verb="GetRecord" identifier="oai:riubu.ubu.es:10259/9650" metadataPrefix="marc">https://riubu.ubu.es/oai/request</request><GetRecord><record><header><identifier>oai:riubu.ubu.es:10259/9650</identifier><datestamp>2024-10-30T01:05:26Z</datestamp><setSpec>com_10259_4323</setSpec><setSpec>com_10259_5086</setSpec><setSpec>com_10259_2604</setSpec><setSpec>com_10259_6168</setSpec><setSpec>col_10259_4330</setSpec><setSpec>col_10259_6169</setSpec></header><metadata><record xmlns="http://www.loc.gov/MARC21/slim" xmlns:doc="http://www.lyncode.com/xoai" xmlns:xsi="http://www.w3.org/2001/XMLSchema-instance" xmlns:dcterms="http://purl.org/dc/terms/" xsi:schemaLocation="http://www.loc.gov/MARC21/slim http://www.loc.gov/standards/marcxml/schema/MARC21slim.xsd">
<leader>00925njm 22002777a 4500</leader>
<datafield tag="042" ind1=" " ind2=" ">
<subfield code="a">dc</subfield>
</datafield>
<datafield tag="720" ind1=" " ind2=" ">
<subfield code="a">Martel Martín, Sonia</subfield>
<subfield code="e">author</subfield>
</datafield>
<datafield tag="720" ind1=" " ind2=" ">
<subfield code="a">Di Pietro, Maria Enrica</subfield>
<subfield code="e">author</subfield>
</datafield>
<datafield tag="720" ind1=" " ind2=" ">
<subfield code="a">Gutiérrez Vega, Alberto</subfield>
<subfield code="e">author</subfield>
</datafield>
<datafield tag="720" ind1=" " ind2=" ">
<subfield code="a">Aguilar Cuesta, Nuria</subfield>
<subfield code="e">author</subfield>
</datafield>
<datafield tag="720" ind1=" " ind2=" ">
<subfield code="a">Bol Arreba, Alfredo</subfield>
<subfield code="e">author</subfield>
</datafield>
<datafield tag="720" ind1=" " ind2=" ">
<subfield code="a">Aparicio Martínez, Santiago</subfield>
<subfield code="e">author</subfield>
</datafield>
<datafield tag="720" ind1=" " ind2=" ">
<subfield code="a">Matroodi, Fatima</subfield>
<subfield code="e">author</subfield>
</datafield>
<datafield tag="720" ind1=" " ind2=" ">
<subfield code="a">Rossi, Barbara</subfield>
<subfield code="e">author</subfield>
</datafield>
<datafield tag="720" ind1=" " ind2=" ">
<subfield code="a">Mele, Andrea</subfield>
<subfield code="e">author</subfield>
</datafield>
<datafield tag="260" ind1=" " ind2=" ">
<subfield code="c">2024-11</subfield>
</datafield>
<datafield tag="520" ind1=" " ind2=" ">
<subfield code="a">In this work, we present experimental and molecular modeling results on archetypal hydrophobic natural deep eutectic solvents (NADES) based on fatty acids (octanoic and dodecanoic acid) and menthol, a representative monoterpenoid. Our goal is to provide a multiscale characterization to enhance the understanding of this field by studying these selected archetypical mixtures. We examine their liquid state properties, intermolecular forces, nanoscopic arrangements, toxicity, and environmental impact.&#xd;
The computational study integrates quantum chemistry, molecular dynamics (both all-atom and coarse-grained approaches), and thermodynamic modeling (COSMO-RS approach) to analyze the fluids and their interactions with biological entities, such as proteins and plasma membranes. The experimental characterization focuses on elucidating intermolecular interactions and liquid phase dynamics using NMR spectroscopy, visible and UV Resonance Raman spectroscopy (UVRR). Notably, this is the first report of UVRR data on NADES.&#xd;
Additionally, we simulate the effect of the molecular moieties forming the solvents on biological targets—specifically, protein and cell membrane models –. This in silico analysis aims to rationalize and predict their potential toxicity.&#xd;
Overall, our experimental findings and in silico simulations contribute to a deeper understanding of these novel solvents in terms of their network of interactions. Additionally, they highlight the potential impact on biological targets, providing new data to accurately define the eco-friendliness of type V DES and their suitability as sustainable alternatives to traditional molecular solvents.</subfield>
</datafield>
<datafield tag="024" ind2=" " ind1="8">
<subfield code="a">0167-7322</subfield>
</datafield>
<datafield tag="024" ind2=" " ind1="8">
<subfield code="a">http://hdl.handle.net/10259/9650</subfield>
</datafield>
<datafield tag="024" ind2=" " ind1="8">
<subfield code="a">10.1016/j.molliq.2024.126148</subfield>
</datafield>
<datafield ind1=" " ind2=" " tag="653">
<subfield code="a">Natural deep eutectic solvents</subfield>
</datafield>
<datafield ind1=" " ind2=" " tag="653">
<subfield code="a">Fatty acids</subfield>
</datafield>
<datafield ind1=" " ind2=" " tag="653">
<subfield code="a">Monoterpenoids</subfield>
</datafield>
<datafield ind1=" " ind2=" " tag="653">
<subfield code="a">Modelling</subfield>
</datafield>
<datafield ind1=" " ind2=" " tag="653">
<subfield code="a">UV Raman</subfield>
</datafield>
<datafield ind1=" " ind2=" " tag="653">
<subfield code="a">NMR</subfield>
</datafield>
<datafield ind1=" " ind2=" " tag="653">
<subfield code="a">Toxicity</subfield>
</datafield>
<datafield tag="245" ind1="0" ind2="0">
<subfield code="a">A paradigm for natural eutectic solvents based on fatty acids: Molecular interactions and toxicological considerations</subfield>
</datafield>
</record></metadata></record></GetRecord></OAI-PMH>